Batman, la série animée - Trombinoscope - Statistiques

Statistiques générales
  • Ce quiz a été pris 666 fois
  • Le résultat moyen est 24 sur 36
Statistiques - réponses
Hint Extra Hint Réponse % Correct
Double-Face Cliquez sur le bon personnage
92%
Robin Cliquez sur le bon personnage
92%
Le Joker Cliquez sur le bon personnage
92%
Batman Cliquez sur le bon personnage
91%
Batgirl Cliquez sur le bon personnage
90%
Harley Quinn Cliquez sur le bon personnage
89%
Mr. Freeze Cliquez sur le bon personnage
88%
Le Pingouin Cliquez sur le bon personnage
87%
L'Épouvantail Cliquez sur le bon personnage
87%
Alfred Pennyworth Cliquez sur le bon personnage
86%
Catwoman Cliquez sur le bon personnage
86%
Gueule d'Argile Cliquez sur le bon personnage
84%
Poison Ivy Cliquez sur le bon personnage
81%
Man-Bat Cliquez sur le bon personnage
80%
James Gordon Cliquez sur le bon personnage
79%
Le Chapelier fou Cliquez sur le bon personnage
78%
L'Homme-Mystère Cliquez sur le bon personnage
77%
Killer Croc Cliquez sur le bon personnage
76%
Bane Cliquez sur le bon personnage
76%
Baby Doll Cliquez sur le bon personnage
76%
Ra's al Ghul Cliquez sur le bon personnage
67%
Le Roi du Temps Cliquez sur le bon personnage
67%
Maxie Zeus Cliquez sur le bon personnage
62%
Dr. Hugo Strange Cliquez sur le bon personnage
56%
Scarface Cliquez sur le bon personnage
56%
Zatanna Cliquez sur le bon personnage
54%
Talia Cliquez sur le bon personnage
52%
Harvey Bullock Cliquez sur le bon personnage
44%
Griffe Rouge Cliquez sur le bon personnage
40%
Summer Gleeson Cliquez sur le bon personnage
38%
Le Roi des Égouts Cliquez sur le bon personnage
37%
Le Ventriloque Cliquez sur le bon personnage
37%
Renee Montoya Cliquez sur le bon personnage
37%
Le Fantôme Gris Cliquez sur le bon personnage
36%
Vertigo Cliquez sur le bon personnage
36%
Rupert Thorne Cliquez sur le bon personnage
32%
Aucun quiz correspondant
Distribution des résultats
% des personnes avec chaque résultat
Percentile par nombre de réponses
Votre historique - résultats
Vous n’avez pas pris ce quiz